<?xml version="1.0" encoding="UTF-8"?>
<collection xmlns="http://www.loc.gov/MARC21/slim">
<record>
  <controlfield tag="001">240550</controlfield>
  <controlfield tag="005">20210922173122.0</controlfield>
  <datafield tag="024" ind1="7" ind2=" ">
    <subfield code="2">BMBF</subfield>
    <subfield code="a">G:(BMBF)16GW0085</subfield>
    <subfield code="d">16GW0085</subfield>
  </datafield>
  <datafield tag="024" ind1="7" ind2=" ">
    <subfield code="2">Dimensions</subfield>
    <subfield code="a">G:(Dimensions)grant.8053725</subfield>
    <subfield code="d">grant.8053725</subfield>
  </datafield>
  <datafield tag="035" ind1=" " ind2=" ">
    <subfield code="a">G:(BMBF)16GW0085</subfield>
  </datafield>
  <datafield tag="150" ind1=" " ind2=" ">
    <subfield code="a">Verbundprojekt: Optimierung von P2X4-Rezeptor-Antagonisten als Therapeutika für neurodegenerative und neuroinflammatorische Erkrankungen - Neuro-T7B -, Teilvorhaben: Strukturanalyse</subfield>
    <subfield code="y">2015-02-01 - 2018-07-31</subfield>
  </datafield>
  <datafield tag="510" ind1="1" ind2=" ">
    <subfield code="0">I:(DE-588b)5309538-8 </subfield>
    <subfield code="a">Federal Ministry of Education and Research</subfield>
    <subfield code="b">BMBF</subfield>
  </datafield>
  <datafield tag="909" ind1="C" ind2="O">
    <subfield code="o">oai:juser.fz-juelich.de:896405</subfield>
    <subfield code="p">authority:GRANT</subfield>
    <subfield code="p">authority</subfield>
  </datafield>
  <datafield tag="980" ind1=" " ind2=" ">
    <subfield code="a">G</subfield>
  </datafield>
  <datafield tag="980" ind1=" " ind2=" ">
    <subfield code="a">AUTHORITY</subfield>
  </datafield>
  <datafield tag="909" ind1="C" ind2="O">
    <subfield code="o">oai:juser.fz-juelich.de:896405</subfield>
  </datafield>
</record>
</collection>